| 000 | 01165nam a2200301 a 4500 | ||
|---|---|---|---|
| 001 | ebr10524461 | ||
| 003 | CaPaEBR | ||
| 006 | m u | ||
| 007 | cr cn||||||||| | ||
| 008 | 110808s2012 mau sd 001 0 eng d | ||
| 010 | _z 2011936042 | ||
| 020 | _z1435460812 | ||
| 020 | _z9781435460812 | ||
| 020 | _z9781435460829 (e-book) | ||
| 040 |
_aCaPaEBR _cCaPaEBR |
||
| 035 | _a(OCoLC)778455363 | ||
| 050 | 1 | 4 |
_aGV1469.15 _b.C37 2012eb |
| 100 | 1 | _aCarreker, Dan. | |
| 245 | 1 | 4 |
_aThe game developer's dictionary _h[electronic resource] : _ba multidisciplinary lexicon for professionals and students / _cDan Carreker. |
| 260 |
_aBoston, Mass. : _bCourse Technology PTR, _c2012. |
||
| 300 | _axvii, 376 p. | ||
| 500 | _aIncludes index. | ||
| 533 |
_aElectronic reproduction. _bPalo Alto, Calif. : _cebrary, _d2012. _nAvailable via World Wide Web. _nAccess may be limited to ebrary affiliated libraries. |
||
| 650 | 0 |
_aComputer games _vDictionaries. |
|
| 655 | 7 |
_aElectronic books. _2local |
|
| 710 | 2 | _aebrary, Inc. | |
| 856 | 4 | 0 |
_uhttp://site.ebrary.com/lib/rucke/Doc?id=10524461 _zAn electronic book accessible through the World Wide Web; click to view |
| 999 |
_c143330 _d143330 |
||